书目信息 |
| 题名: |
武宫流三连星序盘至中盘战术
|
|
| 作者: | 武宫正树本因坊 著 | |
| 分册: | ||
| 出版信息: | 北京 北京日报出版社 1989 |
|
| 页数: | 222页 | |
| 开本: | 20cm | |
| 丛书名: | ||
| 单 册: | ||
| 中图分类: | G819.3 | |
| 科图分类: | ||
| 主题词: | 围棋--对局(棋类运动)--日本 | |
| 电子资源: | ||
| ISBN: | 7-80502-322-0 | |
| 000 | 00655nam0 2200193 450 | |
| 001 | 0739495511 | |
| 005 | 20070714101726.79 | |
| 010 | @a7-80502-322-0@dCNY3.20 | |
| 100 | @a20070708d1989 km y0chiy0120 ea | |
| 101 | 0 | @achi |
| 102 | @aCN@b110000 | |
| 200 | 1 | @a武宫流三连星序盘至中盘战术@Awu gong liu san lian xing xu pan zhi zhong pan zhan shu@f(日)武宫正树本因坊著@F(ri)wu gong zheng shu ben yin fang zhu |
| 210 | @a北京@c北京日报出版社@d1989 | |
| 215 | @a222页@d20cm | |
| 606 | 0 | @a围棋@x对局(棋类运动)@y日本 |
| 690 | @aG819.3@v3 | |
| 701 | 0 | @a武宫正树本因坊@Awu gong zheng shu ben yin fang@4著 |
| 801 | 0 | @aCN@bPFT@c20070714 |
| 905 | @a10447@dG819.3@e13 | |
| 武宫流三连星序盘至中盘战术/(日)武宫正树本因坊著.-北京:北京日报出版社,1989 |
| 222页;20cm |
| ISBN 7-80502-322-0:CNY3.20 |
| ● |
| 相关链接 |
|
|
|
|
正题名:武宫流三连星序盘至中盘战术
索取号:G819.3/13
 
预约/预借
| 序号 | 登录号 | 条形码 | 馆藏地/架位号 | 状态 | 备注 |
| 1 | 0766019 | 207660191 | 第一样本阅览室/ [索取号:G819.3/13] | 在馆 |